| 000 | 00991cam a22002174a 4500 | ||
|---|---|---|---|
| 005 | 20250605164131.0 | ||
| 008 | 250528s ||||||||||||||||||||||||d | ||
| 035 | _a18641 | ||
| 020 | _a5910305 | ||
| 040 |
_aGR-AtMCL _bgre _dGR-AtMCL _eAACR2 |
||
| 245 | 1 | _aMovie Technologies for the Advanced Amateur | |
| 260 | _c1959 | ||
| 300 | _a160 | ||
| 505 | 0 | _aAmateur Movie Making, You are the Producer, You are the Script Writer, You are the Cameraman, You are the Director, Exteriors, Color, You are the Editior, You are the Sound Technician, You are the Projectionist, The Scope of Amateur Film Making. | |
| 520 | _aAmateur Movie Making, You are the Producer, You are the Script Writer, You are the Cameraman, You are the Director, Exteriors, Color, You are the Editior, You are the Sound Technician, You are the Projectionist, The Scope of Amateur Film Making. | ||
| 700 | 1 |
_aMatzkin Myron _94905 |
|
| 700 | 1 |
_aRegnier George _94906 |
|
| 942 | _cBK | ||
| 999 |
_c3988 _d3988 |
||